[Event "45th Olympiad 2024"]
[Site "Budapest HUN"]
[Date "2024.09.18"]
[Round "7.77"]
[Board "1"]
[White "Pereira, Sergio"]
[Black "Mathurin, Nathaniel"]
[Result "0-1"]
[WhiteElo "1988"]
[BlackElo "1982"]
[PlyCount "114"]
[EventDate "2024.09.11"]
[WhiteTeam "Sao Tome and Principe"]
[BlackTeam "Saint Lucia"]
[WhiteTeamCountry "SAO"]

1. e4 c5 2. Nc3 e6 3. Nge2 a6 4. g3 h5 5. h3 Nc6 ({RR} 5... b5 6. Bg2 Bb7 7. a3 Nf6 8. d3 d5 9. exd5 Nxd5 10. O-O Nxc3 11. Nxc3 Bxg2 12. Kxg2 Nc6 13. Be3 Nd4 14. Bxd4 cxd4 15. Ne4 Be7 16. f4 g6 17. a4 Rc8 18. axb5 axb5 19. Rf2 Qd5 20. Qf3 {1-0 Henderson de La Fuente,A (1986)-Partac,E (2078) Olympiad Women 2024 (5.36)}) 6. Bg2 Nf6 7. O-O Qc7 8. d4 $146 ({RR} 8. f4 d6 9. d3 b5 10. Be3 Bb7 11. Qd2 Rc8 12. Rad1 Be7 13. f5 e5 14. Nd5 Qa5 15. c3 Nb8 16. b4 Qa3 17. bxc5 dxc5 18. c4 Nc6 19. Rb1 b4 20. Bf3 Bd6 21. g4 hxg4 22. hxg4 Nxd5 {0-1 Montenegro,J (2077)-Cuesta Cifuentes,J (1953) COL-ch sf Bogota 2020 (6)}) 8... cxd4 9. Nxd4 Nxd4 10. Qxd4 Bc5 11. Qd3 d6 12. Bf4 Nd7 13. Na4 e5 14. Bg5 Bd4 15. c3 Ba7 16. b4 b5 17. Nb2 Bb7 18. Rad1 Rc8 19. Qxd6 Qxd6 20. Rxd6 Rxc3 21. Nd1 Ra3 22. Be3 Bb8 23. Rd2 Ke7 24. Rc2 Rc8 25. Bc5+ Nxc5 26. bxc5 Ba7 27. Ne3 Rxc5 28. Nf5+ Kf6 29. Rxc5 Bxc5 30. Rc1 g6 31. Ne3 Bxe3 32. fxe3 Ra4 33. Rc2 Bxe4 34. Bxe4 Rxe4 35. Rc6+ Kf5 36. Rxa6 Rxe3 37. Kf2 Rc3 38. Ra5 Ke4 39. Rxb5 Rc2+ 40. Kg1 Rxa2 41. Rb7 f6 42. Rb6 Kf5 43. Kh1 Rd2 44. Ra6 h4 45. g4+ Kg5 46. Re6 Re2 47. Ra6 f5 48. gxf5 gxf5 49. Ra8 e4 50. Rh8 Kf4 51. Rg8 Re3 52. Kh2 Rg3 53. Rh8 e3 54. Rxh4+ Kf3 55. Rh5 f4 56. Re5 e2 57. h4 Kf2 0-1

[Event "45th Olympiad 2024"]
[Site "Budapest HUN"]
[Date "2024.09.18"]
[Round "7.77"]
[Board "2"]
[White "Gabriel, Sixtus"]
[Black "Espirito Santo, Waldyr"]
[Result "1-0"]
[WhiteElo "1800"]
[BlackElo "1926"]
[PlyCount "151"]
[EventDate "2024.09.11"]
[WhiteTeam "Saint Lucia"]
[BlackTeam "Sao Tome and Principe"]
[BlackTeamCountry "SAO"]

1. d4 Nf6 2. Bg5 e6 3. e4 Be7 4. e5 Ng8 5. Be3 ({RR} 5. Bd2 c5 6. Nf3 Nc6 7. dxc5 Bxc5 8. Bd3 Nge7 9. O-O Ng6 10. Qe2 d5 11. Nc3 Bd7 12. a3 a6 13. Rfe1 Qc7 14. b4 Bd4 15. Nxd4 Nxd4 16. Qe3 Nb5 17. Na4 d4 18. Qg3 b6 19. Rac1 Nxa3 {1-0 Avila Jimenez,J (2135)-Wofford,M (2006) Titled Tue 3rd Sep Early 2024 (3)}) 5... d6 ({RR} 5... d5 6. Qg4 g6 7. h4 h5 8. Qg3 Nh6 9. Bd3 Nf5 10. Bxf5 exf5 11. Nf3 Be6 12. Bg5 Nc6 13. Bxe7 Qxe7 14. Nc3 O-O-O 15. O-O-O b6 16. Ng5 Rd7 17. Ne2 Nd8 18. Nf4 c6 19. Kb1 Kb7 20. Rhe1 {1-0 Rojas Keim,L (2357)-Gonzalez Rodriguez,J (2399) Foment Martinenc 2010 (5)}) 6. f4 Nc6 $146 ({RR} 6... h5 7. Nf3 Nh6 8. Bd3 Nc6 9. c3 Bd7 10. O-O Ng4 11. Bd2 g6 12. Qc2 Kf8 13. d5 exd5 14. f5 Ngxe5 15. Nxe5 Nxe5 16. fxg6 f6 17. Bg5 Kg7 18. Bh4 Ng4 19. Qe2 Re8 20. Qd2 c6 21. Rf3 {0-1 Cisse,A (2000)-Espirito Santo,W (1906) Online Olym Div4 D rapid 2021 (10.3)}) 7. Nf3 Nh6 8. c3 Nf5 9. Bf2 h5 10. h4 Bd7 11. Bd3 Nh6 12. Nbd2 Ng4 13. Qe2 d5 14. Ng5 a6 15. Nf1 g6 16. Qc2 Kf8 17. Ne3 Nxe3 18. Bxe3 Kg7 19. O-O-O Na5 20. Rdg1 Bb5 21. g4 Bxd3 22. Qxd3 Bxg5 23. fxg5 Nc6 24. Qf1 Kg8 25. Rh2 Qe7 26. Rf2 Rf8 27. Qd3 Qe8 28. b3 b5 29. Kb1 b4 30. cxb4 Nxb4 31. Qc3 Qb5 32. a3 Nc6 33. gxh5 Rxh5 34. Rg4 Ne7 35. a4 Qb7 36. Rc2 Rb8 37. Ka2 Nf5 38. Bf2 Kg7 39. Rf4 Rhh8 40. Rf3 Rbc8 41. Qe1 c6 42. Rc5 Rh7 43. Ka3 Rch8 44. Qc3 Qe7 45. b4 Rb8 46. a5 Rb5 47. Rxc6 Rxa5+ 48. Kb3 Rb5 49. Rxa6 Qb7 50. Ra4 Nxh4 51. Bxh4 Rxh4 52. Rh3 Rxh3 53. Qxh3 Qc8 54. Qc3 Qd8 55. Qc1 Rb7 56. Ra2 Qb6 57. Qc5 Qd8 58. Qc6 Rb8 59. Qd6 Qh8 60. Ra7 Qh3+ 61. Ka4 Re8 62. Ka5 Qc3 63. Qc5 Qd2 64. Kb6 Qxg5 65. b5 Qh4 66. Ka6 Qf2 67. b6 Rb8 68. Kb5 g5 69. b7 g4 70. Qc7 g3 71. Qxb8 g2 72. Ra8 Qb2+ 73. Kc6 Qc3+ 74. Kd7 Qb2 75. Qh8+ Kg6 76. Qf6+ 1-0

[Event "45th Olympiad 2024"]
[Site "Budapest HUN"]
[Date "2024.09.18"]
[Round "7.77"]
[Board "3"]
[White "Lima, Osvaldo Dos Santos"]
[Black "James, Justin"]
[Result "0-1"]
[WhiteElo "1903"]
[BlackElo "1745"]
[PlyCount "104"]
[EventDate "2024.09.11"]
[WhiteTeam "Sao Tome and Principe"]
[BlackTeam "Saint Lucia"]
[WhiteTeamCountry "SAO"]

1. c4 c6 2. d4 d5 3. cxd5 cxd5 4. Nc3 Nf6 5. Nf3 Nc6 6. g3 g6 ({RR} 6... h6 7. Bg2 Bf5 8. O-O e6 9. Bf4 Bd6 10. Bxd6 {½-½ Pfleger,H (2480)-Blatny,P (2560) AUT-chT 9899 1998}) 7. Bg2 Bg7 ({RR} 7... Bf5 8. O-O Bg7 9. a3 O-O 10. b4 Ne4 11. Bb2 Rc8 12. e3 Qd7 13. Qb3 Rfd8 14. Rac1 h5 15. Nxe4 Bxe4 16. Rc5 Qg4 17. h3 Qd7 18. Rfc1 e6 19. Qc3 Ne7 20. Ne5 Bxe5 21. Bxe4 Bd6 22. Bd3 {0-1 Jung,M (1638)-Walther,R (1943) MVP-ch Seniors op 15th 2015 (1.26)}) 8. O-O e6 9. e3 $146 ({RR} 9. Bg5 O-O 10. Rc1 h6 11. Bf4 a6 12. Ne5 Bd7 13. Re1 Qb6 14. Nxd7 Nxd7 15. Bd6 Rfc8 16. Bc5 Nxc5 17. dxc5 Qxc5 18. Nxd5 Qa5 19. b4 Qd8 20. Ne3 Rc7 21. Qb3 Rac8 22. Rcd1 Qe7 23. Bxc6 Rxc6 {½-½ Dalleau,P (1840)-Parro,V (1799) Sainte Marie op 2005 (7)}) 9... O-O 10. b3 a6 11. Bb2 b5 12. Rc1 Bb7 13. Ne1 Qe7 14. Nd3 Nd7 15. Qd2 Rab8 16. Nb1 b4 17. Nc5 Nxc5 18. Rxc5 Rfc8 19. Rfc1 a5 20. R1c2 Qd7 21. Qc1 Bf8 22. Nd2 Bxc5 23. dxc5 e5 24. Nf3 f6 25. Rd2 Rd8 26. Ne1 Qf7 27. Bf1 Ne7 28. f3 Bc6 29. Qc2 Kg7 30. g4 Rd7 31. f4 Qe6 32. g5 d4 33. gxf6+ Qxf6 34. fxe5 Qg5+ 35. Ng2 Bxg2 36. h4 Qxe3+ 37. Kxg2 Nf5 38. Rd3 Nxh4+ 39. Kh1 Qxe5 40. Bg2 Nxg2 41. Kxg2 Rc8 42. c6 Qe4+ 43. Kh2 Rxc6 44. Qd2 Rcd6 45. Rh3 Re6 46. Qh6+ Kg8 47. Rg3 Rf7 48. Bc1 Rf2+ 49. Kh3 Qh1+ 50. Kg4 Re4+ 51. Bf4 Rexf4+ 52. Qxf4 Qh5# 0-1

[Event "45th Olympiad 2024"]
[Site "Budapest HUN"]
[Date "2024.09.18"]
[Round "7.77"]
[Board "4"]
[White "Elizee, Kaieem"]
[Black "Semedo, Adelino"]
[Result "1-0"]
[WhiteElo "1701"]
[BlackElo "1827"]
[PlyCount "51"]
[EventDate "2024.09.11"]
[WhiteTeam "Saint Lucia"]
[BlackTeam "Sao Tome and Principe"]
[BlackTeamCountry "SAO"]

1. d4 d5 2. c4 e6 3. Nf3 Nf6 4. Bg5 h6 5. Bh4 c5 6. cxd5 exd5 ({RR} 6... cxd4 7. Bxf6 Qxf6 8. Qxd4 Qxd4 9. Nxd4 Bb4+ 10. Nd2 exd5 11. Rc1 Bd7 12. a3 Be7 13. e3 Nc6 14. N2f3 Rc8 15. Bb5 Bf6 16. Kd2 Ke7 17. Bxc6 Bxc6 18. Rc5 Kd6 19. Rhc1 a6 20. Nf5+ Kd7 21. N3d4 {½-½ Almeida Quintana,O (2492)-Castro Rojas,O (2349) Ortega op 4th 2014 (5)}) 7. e3 ({RR} 7. Nc3 cxd4 8. Nxd4 Be7 9. e3 Nc6 10. Bb5 Bd7 11. O-O O-O 12. Bxf6 Bxf6 13. Nxd5 Bxd4 14. exd4 Qg5 15. Nc3 Rad8 16. d5 Bh3 17. Qf3 Bg4 18. Qg3 Nb4 19. Bc4 Qh5 20. a3 Na6 21. Bxa6 bxa6 {1-0 Mikhaylova,I (2266)-Fatalibekova,E (2140) St Petersburg-ch Seniors (Women) 2022 (6)}) 7... Nc6 8. Be2 $146 ({RR} 8. Nc3 Be6 9. Be2 Be7 10. dxc5 Bxc5 11. O-O g5 12. Bg3 Ne4 13. Rc1 Nxg3 14. hxg3 Be7 15. Nd4 Nxd4 16. Qxd4 O-O 17. Rfd1 Bf6 18. Qd3 Qb6 19. Na4 Qb4 20. Nc5 Bg7 21. Nxe6 fxe6 22. Rc7 Rf6 {1-0 Orso,M (2380)-Vaidya,A (2335) Multicoop op 1992 (7)}) ({RR} 8. Bb5 Qa5+ 9. Nc3 Ne4 10. Bxc6+ bxc6 11. O-O Nxc3 12. Qd2 Ba6 13. bxc3 Bxf1 14. Rxf1 Bd6 15. Bg3 Bxg3 16. fxg3 O-O 17. Ne5 Qc7 18. g4 cxd4 19. exd4 Rab8 20. g5 hxg5 21. h3 Qd6 22. g4 f6 {0-1 Mosler,C (1730)-Birkholz,M (1761) Bayern-ch (Women) 75th 2004 (4)}) 8... c4 9. O-O Be7 10. b3 cxb3 11. Qxb3 O-O 12. Nc3 Na5 13. Qc2 Be6 14. Ne5 Rc8 15. Qb2 Ne4 16. Bxe7 Qxe7 17. Rac1 f6 18. Ng6 Qf7 19. Nxf8 Rxf8 20. Nxe4 dxe4 21. Rc2 Qg6 22. Rfc1 f5 23. d5 Bd7 24. Bb5 Qd6 25. Bxd7 Qxd7 26. Rc7 1-0

[Event "45th Olympiad 2024"]
[Site "Budapest HUN"]
[Date "2024.09.18"]
[Round "7.78"]
[Board "1"]
[White "Ayyad, Husain"]
[Black "Murphy, Jones"]
[Result "1-0"]
[WhiteElo "2129"]
[BlackElo "2021"]
[PlyCount "23"]
[EventDate "2024.09.11"]
[WhiteTeam "Bahrain"]
[BlackTeam "Dominica"]
[WhiteTeamCountry "BHN"]

1. e4 e5 2. Nf3 Nc6 3. d4 exd4 4. Bc4 Bc5 5. O-O d6 6. b4 Bxb4 ({RR} 6... Bb6 7. Bb2 Bg4 8. Nbd2 Nf6 9. h3 Bxf3 10. Nxf3 O-O 11. Nxd4 Bxd4 12. Bxd4 Nxe4 13. Bb2 Qh4 14. b5 Ne5 15. Bd5 Nc5 16. f4 Ned7 17. Qd4 Qf6 18. Qb4 Qf5 19. Bf3 Qxc2 20. Rac1 Qg6 21. f5 {0-1 Vachier Lagrave,M (2796)-Kramnik,V (2808) Leuven GCT blitz 2017 (15)}) ({RR} 6... Bb6 7. c3 dxc3 8. Qb3 Qd7 9. Bg5 Nd4 10. Nxd4 Bxd4 11. Nxc3 Nf6 12. Rad1 Be5 13. f4 Bxc3 14. Qxc3 Rg8 15. e5 Ne4 16. Qd3 Qf5 17. exd6 Nxg5 18. Rfe1+ Kf8 19. d7 Bxd7 20. Qxd7 Qxd7 21. Rxd7 {1-0 Sliwicki,D (2165)-Estrada Nieto,J (2204) Titled Tue 3rd Sep Late 2024 (3)}) 7. Nxd4 Nxd4 8. Qxd4 Qf6 9. Bb5+ $146 ({RR} 9. Bxf7+ Qxf7 10. Qxb4 Nf6 11. e5 Nd5 12. Qb5+ Bd7 13. Qxb7 O-O 14. c4 Rfb8 15. Qxd5 Be6 16. Qf3 Qxf3 17. gxf3 Bxc4 18. Re1 Re8 19. Nd2 Bd3 20. Bb2 Rab8 21. Bc3 Rb5 22. Re3 Bf5 {1-0 Krastev,G (2012)-Uzunov,D Sofia MGU op 03rd 2010 (6)}) 9... Kf8 10. Qxb4 Qxa1 11. Bb2 Qxa2 12. Bc4 1-0

[Event "45th Olympiad 2024"]
[Site "Budapest HUN"]
[Date "2024.09.18"]
[Round "7.78"]
[Board "2"]
[White "Bridet, Robert"]
[Black "Ayyad, Maher"]
[Result "0-1"]
[WhiteElo "1697"]
[BlackElo "1980"]
[PlyCount "92"]
[EventDate "2024.09.11"]
[WhiteTeam "Dominica"]
[BlackTeam "Bahrain"]
[BlackTeamCountry "BHN"]

1. e4 c5 2. Nf3 e6 3. b3 Nc6 4. Bb2 d6 5. Bb5 Bd7 6. O-O Nf6 7. Re1 Be7 8. e5 $146 ({RR} 8. Bf1 O-O 9. c3 Rc8 10. d4 cxd4 11. cxd4 d5 12. e5 Ne4 13. a3 Qb6 14. Bd3 Na5 15. Bxe4 dxe4 16. Nfd2 Bc6 17. b4 Bd5 18. Nc3 Nc4 19. Nxc4 Rxc4 20. Nxe4 a5 21. Qg4 Bxe4 22. Qxe4 axb4 {½-½ Fichtl,J-Jansa,V CSR-ch33 Brno 1964 (7)}) ({RR} 8. c4 O-O 9. Nc3 Nd4 10. Bxd7 Qxd7 11. Nxd4 cxd4 12. Ne2 Nxe4 13. Nxd4 Nf6 14. Nf3 d5 15. Ne5 Qc7 16. d3 Rfd8 17. Qf3 Bc5 18. Ng4 Nxg4 19. Qxg4 d4 20. a3 a5 21. b4 axb4 22. axb4 Rxa1 {1-0 Ovetchkin,R (2532)-Bachmann,A (2655) Champions Challenge 125th blitz 2005 (2.1)}) ({RR} 8. c3 O-O 9. d4 Nxd4 10. Bd3 Nxf3+ 11. Qxf3 Bc6 12. c4 Nd7 13. Qe2 Bf6 14. Nc3 Bd4 15. Nd1 Qf6 16. Rb1 Ne5 17. Bxd4 cxd4 18. Nb2 Rfe8 19. b4 b6 20. Rbc1 a5 21. a3 axb4 22. axb4 Ra2 {0-1 Dzierzenga,S (2178)-Hebesberger,T (2351) AUT-chT 1314 2013 (8.4)}) ({RR} 8. Bxc6 Bxc6 9. e5 dxe5 10. Nxe5 Rc8 11. d3 O-O 12. Nd2 Bd5 13. Re3 Bd6 14. Qe2 Ne8 15. c4 Bc6 16. Re1 Be7 17. Rh3 Bf6 18. Ne4 Bxe4 19. Qxe4 g6 20. Qxb7 Qa5 21. Rhe3 Rc7 22. Qb8 Nd6 {1-0 Seret,J-Schammo,J Euroschaak EWG Team-ch 1975 (8.1)}) ({RR} 8. Bf1 O-O 9. d4 cxd4 10. Nxd4 Rc8 11. c4 Nxd4 12. Bxd4 e5 13. Bb2 Ne8 14. Nc3 Nc7 15. Be2 Kh8 16. Bg4 f5 17. exf5 Bxf5 18. Bxf5 Rxf5 19. Qd3 Qf8 20. Rf1 Ne6 21. Bc1 Nc5 22. Qh3 b6 {½-½ Gazik,I-Yurtseven,C EU-ch U21 Groningen 1978 (6)}) 8... Nxe5 9. Bxd7+ Nexd7 10. d4 O-O 11. Nbd2 b5 12. a3 Rb8 13. Qe2 Qc7 14. Rac1 c4 15. c3 cxb3 16. Nxb3 Nb6 17. Nbd2 d5 18. h3 Na4 19. Nf1 Nxb2 20. Qxb2 Qa5 21. Ra1 Rfc8 22. Rec1 Ne4 23. N3d2 Nxd2 24. Nxd2 Bg5 25. g3 Bxd2 26. Qxd2 Rc4 27. Ra2 Rbc8 28. Rb2 Qxa3 29. Rxb5 Rxd4 30. Qxd4 Qxc1+ 31. Kg2 h6 32. Rb7 Qxc3 33. Qxa7 Qf6 34. Rd7 Rd8 35. Re7 d4 36. Qc7 Rd5 37. Qc8+ Kh7 38. Qf8 d3 39. Rxf7 Qxf7 40. Qxf7 d2 41. Qxe6 Rd8 42. Qf5+ Kh8 43. h4 d1=Q 44. Qf4 Qd4 45. Qc1 Qe4+ 46. Kg1 Qf3 0-1

[Event "45th Olympiad 2024"]
[Site "Budapest HUN"]
[Date "2024.09.18"]
[Round "7.78"]
[Board "3"]
[White "Monther, Alfardan"]
[Black "Thomas, Larry"]
[Result "1/2-1/2"]
[WhiteElo "1834"]
[BlackElo "1686"]
[PlyCount "50"]
[EventDate "2024.09.11"]
[WhiteTeam "Bahrain"]
[BlackTeam "Dominica"]
[WhiteTeamCountry "BHN"]

1. e4 e5 2. Nf3 Nc6 3. Bc4 Be7 4. O-O d6 5. c3 Nf6 6. Re1 O-O 7. h3 Na5 8. Bd3 ({RR} 8. Bf1 c5 9. d4 Nc6 10. d5 Nb8 11. g4 Re8 12. Nbd2 Bf8 13. a4 g6 14. Bg2 Bg7 15. Nf1 a6 16. a5 Nbd7 17. Ng3 b6 18. axb6 Nxb6 19. Qe2 a5 20. Bf1 Ba6 21. Qc2 Bc4 22. Nd2 Bxf1 {½-½ Pavon Cardenas,J (2450)-Baron,T (2170) Le Port Marly Paribas blitz op 2012 (3.5)}) ({RR} 8. Bf1 c5 9. d4 Nc6 10. Nbd2 a6 11. a4 Re8 12. Nc4 Bf8 13. dxc5 dxc5 14. Qxd8 Rxd8 15. Bg5 h6 16. Bh4 Re8 17. a5 Nh5 18. Nb6 Rb8 19. Bc4 g5 20. Bg3 Nxg3 21. fxg3 Be6 22. Bd5 Bd6 {1-0 Mrittika,M (1848)-Md,S (1971) BAN-chT 1st League 2022 (1.1)}) 8... c5 9. Bc2 c4 10. b3 $146 ({RR} 10. d3 cxd3 11. Qxd3 Qc7 12. Nbd2 a6 13. Nf1 Be6 14. Bg5 h6 15. Bxf6 Bxf6 16. Rad1 Rfd8 17. Ne3 Bxa2 18. Ra1 Bc4 19. Nxc4 Nxc4 20. b4 b5 21. Bb3 Qc6 22. Nd2 Rac8 23. Bxc4 bxc4 24. Qc2 Bg5 {1-0 Kumaravel,A (1533)-Luwemba,C (1814) Dubai The Arbor blitz op 2019 (6)}) 10... b5 11. b4 Nb7 12. a4 Bd7 13. axb5 Bxb5 14. d3 cxd3 15. Bxd3 Bxd3 16. Qxd3 Qc7 17. Bg5 Rfc8 18. Rc1 h6 19. Bxf6 Bxf6 20. Nbd2 a5 21. Qd5 Qc6 22. Qd3 Qc7 23. Qd5 Qc6 24. Qd3 Qc7 25. Qd5 Qc6 1/2-1/2

[Event "45th Olympiad 2024"]
[Site "Budapest HUN"]
[Date "2024.09.18"]
[Round "7.78"]
[Board "4"]
[White "Francis, Nigel"]
[Black "Shaker, Musab"]
[Result "0-1"]
[WhiteElo "1775"]
[BlackElo "1757"]
[PlyCount "72"]
[EventDate "2024.09.11"]
[WhiteTeam "Dominica"]
[BlackTeam "Bahrain"]
[BlackTeamCountry "BHN"]

1. e4 e5 2. Nf3 Nf6 3. Nxe5 d6 4. Nf3 Nxe4 5. Nc3 Nxc3 6. dxc3 Be7 7. Be3 O-O 8. Qd2 c6 9. O-O-O Nd7 10. h3 ({RR} 10. h4 d5 11. Kb1 Re8 12. Bd3 Bc5 13. Rde1 Bxe3 14. Rxe3 Rxe3 15. Qxe3 Nf6 16. Re1 Qd6 17. Qe8+ Qf8 18. Qxf8+ Kxf8 19. Kc1 Bd7 20. c4 dxc4 21. Bxc4 Re8 22. Rxe8+ Bxe8 23. Kd2 Ke7 24. Ne5 Nd7 {½-½ Aronian,L (2780)-Caruana,F (2827) Olympiad-43 Batumi 2018 (10.1)}) ({RR} 10. h4 d5 11. Kb1 Re8 12. c4 Nb6 13. cxd5 Nxd5 14. Bd4 Bg4 15. Bc4 Bf6 16. Bxf6 Qxf6 17. Bxd5 cxd5 18. Qd4 Qxd4 19. Rxd4 Bxf3 20. gxf3 Re2 21. Rf1 Rae8 22. Kc1 R2e5 23. Rfd1 Rh5 24. a4 Kf8 {0-1 Klymchuk,A (2405)-Caspi,I (2468) Titled Tue 16th Jan Early 2024 (7)}) 10... d5 11. g4 Nc5 12. Kb1 $146 ({RR} 12. Nd4 Re8 13. Kb1 Ne4 14. Qc1 Bh4 15. f3 Nf2 16. Bxf2 Bxf2 17. Qf4 Be3 18. Qg3 Qf6 19. Bd3 g6 20. h4 c5 21. Nb5 Bf4 22. Qg2 a6 23. Na3 b5 24. Ka1 b4 25. Nb1 a5 26. g5 Qg7 {0-1 Arpita,M (2206)-Bai,J (2618) FIDE World Uni Blitz-B 1st 2021 (9.14)}) 12... Ne4 13. Qc1 b5 14. Bd3 Nc5 15. Be2 a5 16. Nd4 Bd7 17. f4 b4 18. c4 a4 19. Nf5 Bxf5 20. gxf5 b3 21. cxb3 axb3 22. a3 Ne4 23. Bf3 Qa5 24. Bxe4 Bxa3 25. Rd3 dxe4 26. Rxb3 Be7 27. Qc3 Qa1+ 28. Kc2 Qxh1 29. Qd2 Rfd8 30. Qe2 Qf3 31. Qxf3 exf3 32. Bf2 Bf6 33. Rxf3 Rdb8 34. b3 h6 35. Bc5 Ra2+ 36. Kc1 Re8 0-1

[Event "45th Olympiad 2024"]
[Site "Budapest HUN"]
[Date "2024.09.18"]
[Round "7.79"]
[Board "1"]
[White "Fancy, Stuart"]
[Black "Hasford, John Kojo"]
[Result "0-1"]
[WhiteElo "1921"]
[BlackElo "1956"]
[PlyCount "84"]
[EventDate "2024.09.11"]
[WhiteTeam "Papua New Guinea"]
[BlackTeam "Ghana"]
[WhiteTeamCountry "PNG"]
[BlackTeamCountry "GHA"]

1. e4 d6 2. d4 g6 3. Nc3 Bg7 4. Be2 Nf6 5. g4 Nc6 ({RR} 5... h6 6. Be3 c6 7. h3 Qa5 8. Qd2 b5 9. Bd3 Nbd7 10. Nge2 b4 11. Nd1 c5 12. c3 bxc3 13. bxc3 d5 14. f3 e5 15. Rb1 Ba6 16. Bxa6 Qxa6 17. dxc5 dxe4 18. fxe4 Qc6 19. Nf2 Nxc5 20. Qb2 {0-1 Borgo,G (2414)-Efimenko,Z (2648) San Marino op 2nd 2006 (8)}) 6. g5 Nd7 7. d5 Nd4 8. Bg4 $146 ({RR} 8. Be3 Nxe2 9. Ngxe2 Ne5 10. Nd4 Nc4 11. Qe2 Nxe3 12. fxe3 Bd7 13. Kd2 c5 14. Nf3 a6 15. Raf1 b5 16. Qf2 O-O 17. h4 b4 18. Ne2 Bxb2 19. h5 Qa5 20. hxg6 b3+ 21. c3 Qxa2 22. Qh4 Bxc3+ {0-1 Pena Ramirez,J-Lopez,R (1537) COL-ch U14 Bucaramanga 2022 (8)}) ({RR} 8. Be3 Nxe2 9. Qxe2 c5 10. h4 Ne5 11. Bd2 Bg4 12. f3 Bh5 13. Qf1 a6 14. f4 Nd7 15. a4 f5 16. exf5 O-O 17. Nge2 b5 18. Ng3 b4 19. Nd1 Bxd1 20. Kxd1 gxf5 21. Qf3 Rf7 22. h5 Nf8 {1-0 Makovetsky,B (2141)-Vlasov,E (1920) Zakharevich Memorial 40th 2012 (3)}) ({RR} 8. Be3 Nxe2 9. Ngxe2 h5 10. f4 Nb6 11. Bd4 Bxd4 12. Qxd4 Rg8 13. O-O-O c5 14. dxc6 bxc6 15. Rhf1 Rb8 16. f5 c5 17. Qf2 gxf5 18. h4 Nc4 19. b3 Ne5 20. exf5 Ng4 21. Qf4 Rb4 22. Qd2 Qa5 {1-0 Ulusoy,T (1966)-Rosenzweig,J (1758) Mittelfranken-chTB1 0910 2009 (3.6)}) 8... e5 9. Nf3 c5 10. dxc6 bxc6 11. Be3 c5 12. Nd5 Nb6 13. Bxc8 Rxc8 14. Nxb6 Qxb6 15. b3 O-O 16. c3 Ne6 17. Nd2 Qc6 18. Qg4 f5 19. gxf6 Rxf6 20. h4 h5 21. Qe2 Nf4 22. Qc4+ Kh7 23. O-O-O Rcf8 24. Nf3 Ne2+ 25. Qxe2 Rxf3 26. Rd5 Bh6 27. Bxh6 Kxh6 28. Qd2+ R8f4 29. Rxd6 Qxe4 30. Rg1 Rxf2 31. Rdxg6+ Qxg6 32. Rxg6+ Kxg6 33. Qd6+ Kf5 34. Qxc5 Rxa2 35. Kb1 Rff2 36. Qf8+ Kg4 37. Qg7+ Kxh4 38. Qxe5 Rae2 39. Qd4+ Kh3 40. Qd3+ Kg2 41. Qd5+ Kg1 42. Qg5+ Kf1 0-1

[Event "45th Olympiad 2024"]
[Site "Budapest HUN"]
[Date "2024.09.18"]
[Round "7.79"]
[Board "2"]
[White "Anhwere, Bernard"]
[Black "McCoy, Tom"]
[Result "1-0"]
[WhiteElo "1893"]
[BlackElo "1883"]
[PlyCount "111"]
[EventDate "2024.09.11"]
[WhiteTeam "Ghana"]
[BlackTeam "Papua New Guinea"]
[WhiteTeamCountry "GHA"]
[BlackTeamCountry "PNG"]

1. d4 d5 2. Nf3 Nf6 3. e3 e6 4. c4 c6 5. Nc3 Bd6 6. Bd3 O-O 7. O-O Nbd7 8. e4 dxe4 9. Nxe4 Nxe4 10. Bxe4 f5 11. Bc2 Nf6 12. Re1 Re8 13. Bg5 h6 14. Bxf6 Qxf6 15. c5 Bc7 16. Ne5 $146 ({RR} 16. Qd2 g5 17. Ne5 Rd8 18. Qc3 a5 19. Rad1 a4 20. Re3 g4 21. h3 h5 22. hxg4 hxg4 23. f3 Qh4 24. fxg4 fxg4 25. Qd3 Qh5 26. Nxg4 {1-0 Vitiugov,N (2458)-Fedorovtsev,I Chigorin Memorial 12th 2004 (2)}) 16... b6 17. cxb6 axb6 18. Nxc6 Bb7 19. Ne5 Qg5 20. f3 Rad8 21. Qd3 Rd6 22. Rad1 Red8 23. Qc4 Bb8 24. Kh1 Rd5 25. Bb3 Qf4 26. Qc1 Bxe5 27. Rxe5 Qxc1 28. Rxc1 Rxe5 29. dxe5 Bd5 30. Rd1 Kf7 31. Bxd5 exd5 32. f4 Rc8 33. h3 Ke6 34. Rd3 Rc4 35. g3 Rc1+ 36. Kg2 Rc2+ 37. Kf3 Rxb2 38. Rb3 Rxa2 39. Rxb6+ Kf7 40. Rb3 Rh2 41. Rb7+ Kf8 42. Rd7 Rd2 43. g4 fxg4+ 44. Kxg4 d4 45. Kf5 g5 46. Kf6 Ke8 47. e6 gxf4 48. Rh7 Kd8 49. Rh8+ Kc7 50. e7 Re2 51. e8=Q Rxe8 52. Rxe8 d3 53. Re1 f3 54. Ke5 d2 55. Rd1 f2 56. Ke4 1-0